01015 a2200169 45000010006000000050017000060080041000230030015000640400040000790800031001192450030001502500011001802640035001913000019002265050578002451000022008234877620260407155753.0260407a1978 arg spa dAR-UNSa-BCEJYS aAR-UNSa-BCEJYSbspacAR-UNSa-BCEJYS a349.2xDerecho del Trabajo10aManual práctico laboral a2a.ed. 1aBuenos Aires :bCangalloc1978 a290 p.c23 cm. a1. Introducción - 2. Remuneraciones - 3. Vacaciones - 4. Jornada de trabajo - 5. Descanso semanal - 6. Feriados - 7. Enfermedades y accidentes inculpables - 8. Accidentes del trabajo y enfermedades profesionales - 9. Suspensiones económicas y disciplinarias - 10. Trabajo de mujeres y menores - 11. Preaviso - 12. Extinción del contrato de trabajo - 13. Representantes gremiales - 14. Aportes y contribuciones - 15. Asignaciones familiares - 16. Prescripción e indexación - 17. Casos prácticos - 18. Documentación y papeles de trabajo - 19. Normas legales - 1 aRubio, Valentín